00824 a2200217 4500020001500000020001800015040001300033100002700046245007600073250001300149260004600162300004100208500002000249650001700269700002000286700002200306942002100328999001500349952012100364952012100485 a0321361482 a9780321361486 aDLCbDLC1 aMiller, Charles David,10aMathematical ideascCharles D. Miller, Vern E. Heeren and John Hornsby. a11th ed. aBoston :bPearson Addison-Wesley,cc2008. axxiii, 923 p. :bcol. ill. ;c27 cm. aIncludes index. 0aMathematics.1 aHeeren, Vern E.1 aHornsby, E. John. cBKk510 MIL2ddc c9657d9657 001040708NFICaCLbCLcGENd2009-10-16eStar Booksg10814.37l0o510 MILpSEECS009742r2012-11-14w2017-01-05yBK 001040708NFICaCLbCLcGENd2009-10-16eStar Booksg10814.37l0o510 MILpSEECS009741r2012-11-14w2017-01-05yBK